International Marketing and Export Management

Na minha lista:
Detalhes bibliográficos
Formato: Livro
Idioma:inglês
Publicado em: Wokingham Addison-Wesley Pub. Co. 1989
Edição:1. ed.
Tags: Adicionar Tag
Sem tags, seja o primeiro a adicionar uma tag!

MARC

LEADER 00000nam a2200000 4500
001 c034683
005 20221215114016.1
041 0 |a eng 
044 |a US 
245 1 0 |a International Marketing and Export Management 
250 |a 1. ed. 
264 1 |a Wokingham  |b Addison-Wesley Pub. Co.  |c 1989 
300 |a 407 s.